BIBLIOTECA PODER JUDICIAL
Portal Judicial TDF

Singularidad y fuentes del sistema judicialista argentino : (Registro nro. 6141)

000 -LEADER
fixed length control field 01559nabaa22001817a 4500
003 - CONTROL NUMBER IDENTIFIER
control field OSt
005 - DATE AND TIME OF LATEST TRANSACTION
control field 20260122232427.0
008 - FIXED-LENGTH DATA ELEMENTS--GENERAL INFORMATION
fixed length control field 190701b xxu||||| |||| 00| 0 spa d
040 ## - CATALOGING SOURCE
Transcribing agency PJ
100 ## - MAIN ENTRY--PERSONAL NAME
9 (RLIN) 18
Personal name Cassagne, Juan Carlos
245 10 - TITLE STATEMENT
Title Singularidad y fuentes del sistema judicialista argentino :
Remainder of title alcances de la revisión judicial de la actividad de la administración /
Statement of responsibility, etc Juan Carlos Cassagne.
300 ## - PHYSICAL DESCRIPTION
Extent p. 223-259
505 ## - FORMATTED CONTENTS NOTE
Formatted contents note Sumario: I. Introducción: sobre las fuentes del sistema judicialista argentino.— II. Un concepto previo: el acto jurisdiccional de la Administración.— III. Reflexiones sobre el modelo constitucional adoptado y la separación de los poderes.— IV. Excurso acerca del juzgamiento de las causas contencioso-administrativas.— V. La proyección en Iberoamérica de la interdicción al Ejecutivo del ejercicio de las funciones judiciales.— VI. Estructura del sistema constitucional argentino de control judicial de la Administración pública: el judicialismo acentuado o puro como producto de nuestra historia y de los antecedentes hispánicos.—VII. Analogías y diferencias entre el derecho norteamericano y el argentino respecto del control judicial de la actividad de la Administración.— VIII. Conclusiones.
505 ## - FORMATTED CONTENTS NOTE
Title ¿Te interesa el texto completo? Comunicate al correo: koha@justierradelfuego.gov.ar
650 #0 - SUBJECT ADDED ENTRY--TOPICAL TERM
9 (RLIN) 211
Topical term or geographic name as entry element DERECHO ADMINISTRATIVO
773 0# - HOST ITEM ENTRY
Host Biblionumber 2842
Host Itemnumber 3251
Place, publisher, and date of publication Buenos Aires : AbeledoPerrot, 2012-
Other item identifier DA121
Title Derecho administrativo. Nº 149 septiembre/octubre 2023
International Standard Book Number 18510590
942 ## - ADDED ENTRY ELEMENTS (KOHA)
Source of classification or shelving scheme
Koha item type Analítica Artículo de Revista

No hay ítems disponibles.

12 de Octubre 789 Ushuaia - Tel:  54(02901)441571
Horario de Atención: 8.00 a 17.00 hs. 
bibliotecaush@justierradelfuego.gov.ar
koha@justierradelfuego.gov.ar
Seguinos en nuestras redes @bibliojustdf 

Con tecnología Koha